Κουίζ Πολλαπλής Επιλογής Πόλης – Νάξος - Statistics

General Stats
  • This quiz has been taken 29 times
  • The average score is 8 of 10
Answer Stats
Question Answer % Correct
Σε ποιο νησιωτικό σύμπλεγμα ανήκει η Νάξος; Κυκλάδες
100%
Ποιο είναι το όνομα της διάσημης αρχαίας πύλης της Νάξου; Πορτάρα
95%
Πώς ονομάζεται η κύρια πόλη και λιμάνι της Νάξου; Χώρα
86%
Ποιο είναι το ψηλότερο βουνό της Νάξου; Ζας
86%
Τι είδους τυρί είναι γνωστό ότι παράγει η Νάξος; Γραβιέρα
81%
Ποια διάσημα αγαλματάκια υπάρχουν στη Νάξο; Κούροι
76%
Ποιο είναι το πλησιέστερο νησί στη Νάξο; Πάρος
76%
Για ποιον Θεό προοριζόταν να χτιστεί αυτό το ορόσημο; Απόλλωνα
71%
Ποιος από αυτούς τους πολιτισμούς κυριάρχησε πρώτος στη Νάξο; Μινωίτες
62%
Ποιος Έλληνας θεός λέγεται ότι ανατράφηκε στη Νάξο; Διόνυσος
19%
No matching quizzes found
Score Distribution
Percent of People with Each Score
Percentile by Number Answered
Your Score History
You have not taken this quiz